000 01358cac a2200325 a 4500
003 Co-PeBPM
005 20260407203252.0
007 ta
008 240327s2004 ck |||| |||| 00| 0 spa d
020 _a9580434255
020 _a9580478481
040 _aCo-PeBPM
_bspa
_cCo-PeBPM
_erda
041 _aspa
082 0 4 _a158 B261v
_222
100 1 _aBarnett, Doyle
_eautor
245 1 0 _a20 consejos para comunicarse con su pareja
_c/ Doyle Barnett; traducción María Mercedes Correa
250 _aTercera reimpresion
260 _aBarcelona, España
_b: Grupo Editorial Norma
_c, 2004
300 _a100 páginas
_c18 centímetros
500 _aIncluye índice
520 _aLa alegría de estar en pareja surge del hecho de poder celebrar nuestras diferencias, y la comunicación es el instrumento clave para comprenderlas y celebrarlas. Esta breve guía presenta veinte consejos básicos que le ayudarán a mejorar la comunicación con su pareja y enriquecerán rápidamente su relación.
546 _aspa
650 1 7 _aRelaciones de pareja
_2Lemb
650 1 7 _aComunicación - Aspectos psicológicos
_2Lemb
650 1 7 _aPsicología aplicada
_2Lemb
700 _aCorrea, María Mercedes
_etraducción
765 _a20 communication tips for couples
942 _2ddc
_cBK
_n0
999 _c26694
_d26694